00401nam a2200145Ia 4500008004100000082001600041100003600057245003300093260002900126300000800155600001300163630003300176700001300209730003300222090122s9999 xx 000 0 und d b3163a420.5 aNationalbGeographicalcSociety aNatonal Geographic Aug - 00 bnational geographic soc. a119 aNational aNatonal Geographic Aug - 00 aNational aNatonal Geographic Aug - 00